000
00219 a2200097 4500
001
32908
100
_a
Hameed,
245
_a
Target Pathan Kot [Urdu]
260
_a
Lahore
_b
Maqbool Academy
_c
1996
090
_c
22066
_d
22066
942
_a
NUST-CAE
_c
M
_c
13410
999
_c
267981
_d
267981